00626nam a2200193Ia 450000100060000000800410000602000180004704000130006508200160007810000200009424501530011426000690026730000110033650000120034754600070035965000240036670000200039070000220041019914140408s9999 xx 000 0 und d a0-262-19381-7 cPK-LaUMT a 306bSPI-D aCharles Spinosa aDisclosing new worlds:bEntrepreneurship, democratic action, and the cultication of solidarity.cCharles Spinosa<>Fernando Flores<>Hubert L. Dreyfus aCambridge,USA:bThe Massachusetts Institute of Technology,c1997 a222 p. aP. copy aEN aCollective behavior aFernando Flores aHubert L. Dreyfus